Paroles de Lego Ninjago 1-5 - Statistiques

Statistiques générales
  • Ce quiz a été pris 113 fois
    112 depuis la dernière actualisation
  • Le résultat moyen est 8 sur 10
Statistiques - réponses
Question Réponse % Correct
Non, le vrai Jay, c'est moi ! Jay
97%
Chers amis, ennemis et ennemis qui prétendent être amis, je vous souhaite la bienvenue ! Pythor
97%
Eh, j'ai du faire 20 machines à laver, mais ta tenue n'est plus rose et pour te prouver que je t'aime et que je suis désolé, Cole, je t'ai amené des cacahuètes. Lloyd
88%
Eh, Kai, j'ai vu Cole battre ton meilleur score, t'aurais du voir ça, c'était plutôt spectaculaire. Lloyd
85%
Il n'y a que moi qui peut l'appeler Rosi. Cole
82%
Moi, je vous le dis, avant je détestais les dragons, maintenant, c'est officiel, je déteste les serpents. Cole
79%
Il te faudra plus que des mots si tu espère rassembler les tribus. Skales
76%
Eeem... Où es-tu Pythor, quel est ton plan ? Wu
64%
Quand est-ce que les effets du venin sont censés disparaître, ça commence à me taper sur les nerfs. Nya
52%
Ne laissons pas la musique gâcher les choses. Pythor
52%
Aucun quiz correspondant
Distribution des résultats
% des personnes avec chaque résultat
Percentile par nombre de réponses
Votre historique - résultats
Vous n’avez pas pris ce quiz depuis la dernière actualisation